[Event "Russian Championship (men blitz)"]
[Site "Sochi"]
[Date "2017.10.02"]
[Round "13.12"]
[White "Levin, Evgeny A."]
[Black "Popov, Ivan"]
[Result "1/2-1/2"]
[LiveChessVersion "1.4.8"]
[BlackElo "2607"]
[WhiteElo "2546"]

1. d4 {[%clk 0:03:03]} e6 {[%clk 0:03:03]} 2. c4 {[%clk 0:03:03]} Bb4+
{[%clk 0:03:04]} 3. Nd2 {[%clk 0:03:02]} d5 {[%clk 0:02:51]} 4. Ngf3
{[%clk 0:03:00]} Nf6 {[%clk 0:02:34]} 5. Qa4+ {[%clk 0:03:00]} Nc6
{[%clk 0:02:35]} 6. e3 {[%clk 0:03:01]} O-O {[%clk 0:02:32]} 7. a3
{[%clk 0:03:01]} Bd6 {[%clk 0:02:25]} 8. c5 {[%clk 0:02:51]} Be7 {[%clk 0:02:25]}
9. b4 {[%clk 0:02:52]} Ne4 {[%clk 0:02:06]} 10. Bb2 {[%clk 0:02:51]} f5
{[%clk 0:01:52]} 11. Qc2 {[%clk 0:02:38]} Bf6 {[%clk 0:01:51]} 12. Bd3
{[%clk 0:02:33]} Bd7 {[%clk 0:01:40]} 13. O-O {[%clk 0:02:32]} g5
{[%clk 0:01:37]} 14. b5 {[%clk 0:01:58]} Ne7 {[%clk 0:01:37]} 15. Ne5
{[%clk 0:01:56]} Ng6 {[%clk 0:01:10]} 16. Nb3 {[%clk 0:01:50]} g4
{[%clk 0:00:53]} 17. f3 {[%clk 0:01:48]} gxf3 {[%clk 0:00:48]} 18. gxf3
{[%clk 0:01:48]} Ng5 {[%clk 0:00:48]} 19. c6 {[%clk 0:01:32]} bxc6
{[%clk 0:00:48]} 20. Nc5 {[%clk 0:01:27]} Nxe5 {[%clk 0:00:37]} 21. dxe5
{[%clk 0:01:27]} Be7 {[%clk 0:00:38]} 22. bxc6 {[%clk 0:01:05]} Bc8
{[%clk 0:00:34]} 23. f4 {[%clk 0:01:01]} Ne4 {[%clk 0:00:32]} 24. Nxe4
{[%clk 0:00:58]} fxe4 {[%clk 0:00:29]} 25. Be2 {[%clk 0:00:58]} a5
{[%clk 0:00:19]} 26. Kh1 {[%clk 0:00:58]} Ba6 {[%clk 0:00:19]} 27. Rg1+
{[%clk 0:00:59]} Kh8 {[%clk 0:00:20]} 28. Bxa6 {[%clk 0:00:57]} Rxa6
{[%clk 0:00:21]} 29. Rac1 {[%clk 0:00:52]} Qe8 {[%clk 0:00:20]} 30. a4
{[%clk 0:00:38]} Qh5 {[%clk 0:00:15]} 31. Rg3 {[%clk 0:00:35]} Raa8
{[%clk 0:00:13]} 32. Rcg1 {[%clk 0:00:34]} Rg8 {[%clk 0:00:14]} 33. Qg2
{[%clk 0:00:32]} Rxg3 {[%clk 0:00:09]} 34. Qxg3 {[%clk 0:00:33]} Qf3+
{[%clk 0:00:10]} 35. Qxf3 {[%clk 0:00:33]} exf3 {[%clk 0:00:11]} 36. f5
{[%clk 0:00:29]} f2 {[%clk 0:00:09]} 37. Rf1 {[%clk 0:00:30]} exf5
{[%clk 0:00:10]} 38. e6+ {[%clk 0:00:30]} Kg8 {[%clk 0:00:11]} 39. Rxf2
{[%clk 0:00:31]} Ra6 {[%clk 0:00:09]} 40. Rxf5 {[%clk 0:00:15]} Rxc6
{[%clk 0:00:09]} 41. Rxd5 {[%clk 0:00:15]} Rxe6 {[%clk 0:00:10]} 42. Rxa5
{[%clk 0:00:09]} Rxe3 {[%clk 0:00:10]} 43. Re5 {[%clk 0:00:10]} Rb3
{[%clk 0:00:05]} 44. Rxe7 {[%clk 0:00:10]} Rxb2 {[%clk 0:00:06]} 45. Rxc7
{[%clk 0:00:11]} Ra2 {[%clk 0:00:08]} 46. Ra7 {[%clk 0:00:12]} h5
{[%clk 0:00:08]} 47. h4 {[%clk 0:00:10]} Kf8 {[%clk 0:00:09]} 48. a5
{[%clk 0:00:11]} Ke8 {[%clk 0:00:08]} 49. a6 {[%clk 0:00:12]} Kd8
{[%clk 0:00:07]} 50. Kg1 {[%clk 0:00:08]} Kc8 {[%clk 0:00:08]} 51. Rh7
{[%clk 0:00:04]} Rxa6 {[%clk 0:00:07]} 52. Rxh5 {[%clk 0:00:05]} Kd7
{[%clk 0:00:08]} 53. Re5 {[%clk 0:00:05]} Re6 {[%clk 0:00:09]} 54. Rf5
{[%clk 0:00:06]} Ke7 {[%clk 0:00:10]} 55. Kg2 {[%clk 0:00:07]} Rf6
{[%clk 0:00:11]} 56. Re5+ {[%clk 0:00:06]} Kf7 {[%clk 0:00:12]} 1/2-1/2

[Event "Russian Championship (men blitz)"]
[Site "Sochi"]
[Date "2017.10.02"]
[Round "14.1"]
[White "Sjugirov, Sanan"]
[Black "Artemiev, Vladislav"]
[Result "1-0"]
[LiveChessVersion "1.4.8"]
[BlackElo "2729"]
[WhiteElo "2637"]

1. d4 {[%clk 0:03:01]} d5 {[%clk 0:03:03]} 2. c4 {[%clk 0:03:02]} c6
{[%clk 0:03:04]} 3. Nf3 {[%clk 0:03:03]} Nf6 {[%clk 0:03:05]} 4. Nc3
{[%clk 0:02:57]} a6 {[%clk 0:03:06]} 5. e3 {[%clk 0:02:56]} g6 {[%clk 0:03:06]}
6. Be2 {[%clk 0:02:52]} Bg7 {[%clk 0:03:07]} 7. O-O {[%clk 0:02:52]} O-O
{[%clk 0:03:07]} 8. b3 {[%clk 0:02:45]} Bg4 {[%clk 0:03:06]} 9. Bb2
{[%clk 0:02:44]} e6 {[%clk 0:03:06]} 10. h3 {[%clk 0:02:43]} Bxf3
{[%clk 0:03:06]} 11. Bxf3 {[%clk 0:02:44]} Nbd7 {[%clk 0:03:07]} 12. Qe2
{[%clk 0:02:32]} Nb6 {[%clk 0:03:08]} 13. Rfd1 {[%clk 0:02:28]} Nc8
{[%clk 0:03:05]} 14. e4 {[%clk 0:02:21]} dxe4 {[%clk 0:03:06]} 15. Nxe4
{[%clk 0:02:18]} Nxe4 {[%clk 0:03:06]} 16. Bxe4 {[%clk 0:02:19]} Nd6
{[%clk 0:02:56]} 17. Bf3 {[%clk 0:02:17]} Re8 {[%clk 0:02:50]} 18. Rd3
{[%clk 0:02:00]} Qc7 {[%clk 0:02:36]} 19. Rad1 {[%clk 0:02:00]} Rad8
{[%clk 0:02:37]} 20. Qd2 {[%clk 0:01:51]} Rd7 {[%clk 0:02:30]} 21. a4
{[%clk 0:01:36]} Nf5 {[%clk 0:02:13]} 22. d5 {[%clk 0:01:33]} Bxb2
{[%clk 0:02:09]} 23. Qxb2 {[%clk 0:01:31]} cxd5 {[%clk 0:01:52]} 24. cxd5
{[%clk 0:01:32]} Red8 {[%clk 0:01:41]} 25. Qd2 {[%clk 0:01:25]} Qc5
{[%clk 0:00:31]} 26. Be4 {[%clk 0:01:12]} Qe7 {[%clk 0:00:03]} 27. dxe6
{[%clk 0:01:03]} Rxd3 {[%clk 0:00:04]} 28. exf7+ {[%clk 0:01:03]} Qxf7
{[%clk 0:00:04]} 29. Bxd3 {[%clk 0:01:03]} Kg7 {[%clk 0:00:03]} 30. Qc3+
{[%clk 0:00:59]} Nd4 {[%clk 0:00:03]} 31. Bc4 {[%clk 0:00:49]} Qf6
{[%clk 0:00:04]} 32. Kf1 {[%clk 0:00:30]} Rd7 {[%clk 0:00:03]} 33. Qe3
{[%clk 0:00:25]} Rd6 {[%clk 0:00:03]} 34. Qe4 {[%clk 0:00:17]} b5
{[%clk 0:00:03]} 35. axb5 axb5 {[%clk 0:00:05]} 36. Bd3 {[%clk 0:00:15]} Nf5
{[%clk 0:00:04]} 37. Kg1 {[%clk 0:00:15]} Nd4 {[%clk 0:00:05]} 38. Kf1
{[%clk 0:00:07]} Nf5 {[%clk 0:00:06]} 39. Kg1 Nd4 40. Rf1 {[%clk 0:00:07]} Nxb3
{[%clk 0:00:07]} 41. Bxb5 {[%clk 0:00:06]} Nd2 {[%clk 0:00:04]} 42. Qb7+
{[%clk 0:00:07]} Qf7 {[%clk 0:00:04]} 43. Qxf7+ Kxf7 {[%clk 0:00:05]} 44. Ra1
{[%clk 0:00:08]} Ne4 {[%clk 0:00:05]} 45. Ra7+ {[%clk 0:00:08]} Kf6
{[%clk 0:00:05]} 46. f3 {[%clk 0:00:07]} Nc3 {[%clk 0:00:06]} 47. Bc4
{[%clk 0:00:07]} h6 {[%clk 0:00:06]} 48. Kh2 {[%clk 0:00:06]} Nd1
{[%clk 0:00:06]} 49. Rf7+ {[%clk 0:00:06]} Ke5 {[%clk 0:00:07]} 50. Re7+
{[%clk 0:00:06]} Kf6 {[%clk 0:00:08]} 51. Rf7+ {[%clk 0:00:07]} Ke5
{[%clk 0:00:09]} 52. h4 {[%clk 0:00:06]} Rd4 {[%clk 0:00:07]} 53. Be2
{[%clk 0:00:07]} Nc3 {[%clk 0:00:06]} 54. Ba6 {[%clk 0:00:06]} Rxh4+
{[%clk 0:00:07]} 55. Kg3 {[%clk 0:00:07]} Ra4 {[%clk 0:00:07]} 56. Bd3
{[%clk 0:00:07]} Rd4 {[%clk 0:00:07]} 57. Bxg6 {[%clk 0:00:07]} Ne2+
{[%clk 0:00:08]} 58. Kf2 {[%clk 0:00:07]} Nf4 {[%clk 0:00:09]} 59. Rf5+
{[%clk 0:00:07]} Ke6 {[%clk 0:00:11]} 60. Bh7 {[%clk 0:00:07]} Ra4
{[%clk 0:00:04]} 61. Rc5 {[%clk 0:00:06]} Ra2+ {[%clk 0:00:04]} 62. Kg3
{[%clk 0:00:04]} Nxg2 {[%clk 0:00:04]} 63. Rc3 {[%clk 0:00:05]} h5
{[%clk 0:00:04]} 64. Bg8+ {[%clk 0:00:04]} Kd5 1-0

[Event "Russian Championship (men blitz)"]
[Site "Sochi"]
[Date "2017.10.02"]
[Round "14.12"]
[White "Popov, Ivan"]
[Black "Levin, Evgeny A."]
[Result "1/2-1/2"]
[LiveChessVersion "1.4.8"]
[BlackElo "2546"]
[WhiteElo "2607"]

1. e4 {[%clk 0:03:03]} c5 {[%clk 0:03:03]} 2. Nf3 {[%clk 0:03:04]} d6
{[%clk 0:03:05]} 3. d4 {[%clk 0:03:05]} Nf6 {[%clk 0:03:05]} 4. dxc5
{[%clk 0:03:04]} Nxe4 {[%clk 0:03:02]} 5. cxd6 {[%clk 0:03:05]} Nc6
{[%clk 0:03:02]} 6. dxe7 {[%clk 0:03:05]} Qxd1+ {[%clk 0:03:02]} 7. Kxd1
{[%clk 0:03:06]} Bxe7 {[%clk 0:03:02]} 8. Be3 {[%clk 0:03:07]} O-O
{[%clk 0:02:54]} 9. Bd3 {[%clk 0:03:04]} Nc5 {[%clk 0:02:55]} 10. Nbd2
{[%clk 0:02:54]} Nxd3 {[%clk 0:02:52]} 11. cxd3 {[%clk 0:02:54]} Rd8
{[%clk 0:02:50]} 12. Ke2 {[%clk 0:02:36]} Nb4 {[%clk 0:02:44]} 13. d4
{[%clk 0:02:17]} Bf5 {[%clk 0:02:42]} 14. a3 {[%clk 0:01:55]} Bd3+
{[%clk 0:02:34]} 15. Kd1 {[%clk 0:01:56]} Nc6 {[%clk 0:02:05]} 16. Rc1
{[%clk 0:01:45]} Bf6 {[%clk 0:02:06]} 17. Rc3 {[%clk 0:01:32]} Bg6
{[%clk 0:02:03]} 18. Rc4 {[%clk 0:01:09]} Bd3 {[%clk 0:02:04]} 19. Rc3
{[%clk 0:01:10]} Bg6 {[%clk 0:02:05]} 20. Ke2 {[%clk 0:00:46]} Nxd4+
{[%clk 0:01:53]} 21. Nxd4 {[%clk 0:00:46]} Bxd4 {[%clk 0:01:53]} 22. Bxd4
{[%clk 0:00:47]} Rxd4 {[%clk 0:01:55]} 23. Rhc1 {[%clk 0:00:48]} Kf8
{[%clk 0:01:24]} 24. Rc8+ {[%clk 0:00:41]} Rxc8 {[%clk 0:01:24]} 25. Rxc8+
{[%clk 0:00:42]} Ke7 {[%clk 0:01:25]} 26. Rc7+ {[%clk 0:00:30]} Rd7
{[%clk 0:01:27]} 27. Rxd7+ Kxd7 {[%clk 0:01:28]} 28. Ke3 {[%clk 0:00:33]} b6
{[%clk 0:01:15]} 29. Kd4 {[%clk 0:00:34]} f6 {[%clk 0:01:16]} 30. h4
{[%clk 0:00:30]} Bf7 {[%clk 0:01:16]} 31. Nf1 {[%clk 0:00:28]} Kd6
{[%clk 0:01:14]} 32. Ne3 {[%clk 0:00:27]} Be6 {[%clk 0:01:16]} 33. f4
{[%clk 0:00:25]} Bd7 {[%clk 0:01:10]} 34. g3 {[%clk 0:00:25]} Be6
{[%clk 0:01:12]} 35. Nd1 {[%clk 0:00:23]} Bd7 {[%clk 0:01:10]} 36. Ne3
{[%clk 0:00:22]} Be6 {[%clk 0:01:11]} 37. Nd1 {[%clk 0:00:17]} Ke5+ 38. Ke4+
1/2-1/2

[Event "Russian Championship (men blitz)"]
[Site "Sochi"]
[Date "2017.10.02"]
[Round "14.13"]
[White "Usmanov, Vasily"]
[Black "Rakhmanov, Aleksandr"]
[Result "1/2-1/2"]
[LiveChessVersion "1.4.8"]
[BlackElo "2600"]
[WhiteElo "2441"]

1. d4 {[%clk 0:03:04]} Nf6 {[%clk 0:03:03]} 2. Bf4 {[%clk 0:03:03]} c5
{[%clk 0:03:03]} 3. c3 {[%clk 0:03:00]} b6 {[%clk 0:03:00]} 4. e3
{[%clk 0:03:01]} Bb7 {[%clk 0:03:01]} 5. h3 {[%clk 0:02:59]} g6 {[%clk 0:03:05]}
6. Nf3 {[%clk 0:03:00]} Bg7 {[%clk 0:03:06]} 7. Nbd2 {[%clk 0:02:57]} O-O
{[%clk 0:03:06]} 8. Be2 {[%clk 0:02:56]} d6 {[%clk 0:03:07]} 9. O-O
{[%clk 0:02:56]} Nbd7 {[%clk 0:03:08]} 10. a4 {[%clk 0:02:55]} a6
{[%clk 0:03:10]} 11. Bh2 {[%clk 0:02:55]} Bc6 {[%clk 0:03:03]} 12. Qb1
{[%clk 0:02:53]} Qc8 {[%clk 0:02:58]} 13. b4 {[%clk 0:02:54]} Ra7
{[%clk 0:02:46]} 14. Rc1 {[%clk 0:02:54]} Qa8 {[%clk 0:02:46]} 15. Bf1
{[%clk 0:02:44]} Ne4 {[%clk 0:02:46]} 16. b5 {[%clk 0:02:30]} Nxd2
{[%clk 0:02:33]} 17. Nxd2 {[%clk 0:02:30]} Bb7 {[%clk 0:02:28]} 18. Nc4
{[%clk 0:02:21]} Be4 {[%clk 0:02:23]} 19. Qb2 {[%clk 0:02:19]} a5
{[%clk 0:02:20]} 20. f3 {[%clk 0:02:16]} Bd5 {[%clk 0:02:18]} 21. e4
{[%clk 0:02:16]} Bxc4 {[%clk 0:02:16]} 22. Bxc4 {[%clk 0:02:17]} Bh6
{[%clk 0:01:51]} 23. Rd1 {[%clk 0:02:08]} Qc8 {[%clk 0:01:41]} 24. Bd5
{[%clk 0:02:08]} Rc7 {[%clk 0:01:42]} 25. Bc6 {[%clk 0:02:08]} Nb8
{[%clk 0:01:37]} 26. d5 {[%clk 0:02:07]} Nd7 {[%clk 0:01:29]} 27. Bxd7
{[%clk 0:02:08]} Rxd7 {[%clk 0:01:28]} 28. c4 {[%clk 0:02:07]} Bg7
{[%clk 0:01:28]} 29. e5 {[%clk 0:02:08]} f6 {[%clk 0:01:15]} 30. e6
{[%clk 0:01:43]} Rdd8 {[%clk 0:01:08]} 31. Ra3 {[%clk 0:01:44]} f5
{[%clk 0:01:09]} 32. Qd2 {[%clk 0:01:44]} Bd4+ {[%clk 0:00:58]} 33. Kh1
{[%clk 0:01:45]} Bg7 {[%clk 0:00:46]} 34. Bf4 {[%clk 0:01:45]} h5
{[%clk 0:00:45]} 35. Bg5 {[%clk 0:01:42]} Bf6 {[%clk 0:00:42]} 36. Re1
{[%clk 0:01:23]} Kh7 {[%clk 0:00:40]} 37. Qf4 {[%clk 0:01:16]} Bxg5
{[%clk 0:00:37]} 38. Qxg5 {[%clk 0:01:17]} Rf6 {[%clk 0:00:37]} 39. f4
{[%clk 0:01:12]} Rh8 {[%clk 0:00:31]} 40. Rg3 {[%clk 0:01:13]} Qf8
{[%clk 0:00:19]} 41. Ree3 {[%clk 0:01:13]} Kg7 {[%clk 0:00:14]} 42. Qh4
{[%clk 0:01:11]} Rh6 {[%clk 0:00:14]} 43. Rg5 {[%clk 0:01:10]} Kh7
{[%clk 0:00:15]} 44. Kh2 {[%clk 0:00:53]} Qg7 {[%clk 0:00:17]} 45. Reg3
{[%clk 0:00:50]} Qf8 {[%clk 0:00:18]} 46. Kg1 {[%clk 0:00:49]} Qg7
{[%clk 0:00:19]} 47. Kf1 {[%clk 0:00:51]} Qf8 {[%clk 0:00:18]} 48. Ke1
{[%clk 0:00:51]} Qg7 {[%clk 0:00:19]} 49. Kd1 {[%clk 0:00:52]} Qf8
{[%clk 0:00:20]} 50. Kc2 {[%clk 0:00:53]} Qg7 {[%clk 0:00:22]} 51. Kb3
{[%clk 0:00:52]} Qf8 {[%clk 0:00:23]} 52. Re3 {[%clk 0:00:43]} Qg7
{[%clk 0:00:24]} 53. Reg3 {[%clk 0:00:42]} Qf8 {[%clk 0:00:26]} 54. Rd3
{[%clk 0:00:43]} Qg7 {[%clk 0:00:27]} 55. Qe1 {[%clk 0:00:43]} Qf8
{[%clk 0:00:28]} 56. Qc3 {[%clk 0:00:37]} Qg7 {[%clk 0:00:28]} 57. Rdg3
{[%clk 0:00:35]} Rf8 {[%clk 0:00:22]} 58. Qxg7+ {[%clk 0:00:30]} Kxg7
{[%clk 0:00:23]} 59. Kc3 {[%clk 0:00:31]} h4 {[%clk 0:00:23]} 60. Rf3
{[%clk 0:00:31]} Kf6 {[%clk 0:00:24]} 61. Kd3 {[%clk 0:00:32]} Rfh8
{[%clk 0:00:25]} 62. Ke3 {[%clk 0:00:34]} Rh5 {[%clk 0:00:26]} 63. Rxh5
{[%clk 0:00:27]} Rxh5 {[%clk 0:00:27]} 64. g4 {[%clk 0:00:19]} hxg3
{[%clk 0:00:19]} 65. Rxg3 {[%clk 0:00:20]} Rh4 {[%clk 0:00:09]} 66. Kf3
{[%clk 0:00:21]} Rh5 {[%clk 0:00:07]} 67. Ke3 {[%clk 0:00:15]} Rh4
{[%clk 0:00:08]} 68. Kf3 {[%clk 0:00:16]} Rh5 69. Ke4 Ke5+ 1/2-1/2

[Event "Russian Championship (men blitz)"]
[Site "Sochi"]
[Date "2017.10.02"]
[Round "14.20"]
[White "Derjabin, Ilja"]
[Black "Hasangatin, Ramil"]
[Result "0-1"]
[LiveChessVersion "1.4.8"]
[BlackElo "2560"]
[WhiteElo "2388"]

1. d4 {[%clk 0:03:03]} d6 {[%clk 0:03:04]} 2. c4 {[%clk 0:03:05]} e5
{[%clk 0:03:05]} 3. d5 {[%clk 0:03:06]} Be7 {[%clk 0:03:04]} 4. Nc3
{[%clk 0:03:05]} a5 {[%clk 0:03:05]} 5. e4 {[%clk 0:02:58]} Na6 {[%clk 0:03:07]}
6. Nge2 {[%clk 0:02:56]} Nc5 {[%clk 0:02:46]} 7. Ng3 {[%clk 0:02:56]} Bg5
{[%clk 0:02:45]} 8. Be2 {[%clk 0:02:56]} Bxc1 9. Rxc1 {[%clk 0:02:57]} Bd7
{[%clk 0:02:28]} 10. O-O {[%clk 0:02:54]} Qg5 {[%clk 0:02:26]} 11. Nb5
{[%clk 0:02:51]} Bxb5 {[%clk 0:02:14]} 12. cxb5 {[%clk 0:02:52]} Nf6
{[%clk 0:02:15]} 13. f3 {[%clk 0:02:37]} O-O {[%clk 0:01:59]} 14. Rc3
{[%clk 0:02:38]} h5 {[%clk 0:01:45]} 15. Qc1 {[%clk 0:02:07]} Qf4
{[%clk 0:01:34]} 16. Nf5 {[%clk 0:01:53]} Nxd5 {[%clk 0:01:08]} 17. exd5
{[%clk 0:00:53]} Qxf5 {[%clk 0:01:09]} 18. f4 {[%clk 0:00:49]} Rae8
{[%clk 0:00:58]} 19. fxe5 {[%clk 0:00:37]} Qxe5 {[%clk 0:00:58]} 20. Bf3
{[%clk 0:00:37]} Qd4+ {[%clk 0:00:55]} 21. Kh1 {[%clk 0:00:38]} g6
{[%clk 0:00:55]} 22. Qg5 {[%clk 0:00:34]} Qe5 {[%clk 0:00:49]} 23. Qh4
{[%clk 0:00:33]} Qg7 {[%clk 0:00:47]} 24. h3 {[%clk 0:00:32]} Re5
{[%clk 0:00:48]} 25. a3 a4 {[%clk 0:00:49]} 26. Rc4 {[%clk 0:00:28]} Rfe8
{[%clk 0:00:50]} 27. Rc3 {[%clk 0:00:26]} Qh6 {[%clk 0:00:47]} 28. g4
{[%clk 0:00:20]} Qg5 {[%clk 0:00:38]} 29. Qxg5 Rxg5 {[%clk 0:00:39]} 30. gxh5
{[%clk 0:00:19]} gxh5 {[%clk 0:00:40]} 31. Rg1 {[%clk 0:00:18]} Rxg1+
{[%clk 0:00:35]} 32. Kxg1 {[%clk 0:00:20]} Re5 {[%clk 0:00:36]} 33. Rc4
{[%clk 0:00:15]} Kg7 {[%clk 0:00:36]} 34. Rd4 {[%clk 0:00:13]} Kh6
{[%clk 0:00:35]} 35. Kf2 {[%clk 0:00:14]} Kg5 {[%clk 0:00:33]} 36. h4+
{[%clk 0:00:15]} Kg6 {[%clk 0:00:34]} 37. Rd1 {[%clk 0:00:14]} Kh6
{[%clk 0:00:31]} 38. Kg2 {[%clk 0:00:13]} Rf5 {[%clk 0:00:30]} 39. Kg3
{[%clk 0:00:13]} Re5 {[%clk 0:00:28]} 40. Kg2 Re3 {[%clk 0:00:28]} 41. Rd4
{[%clk 0:00:07]} Rb3 {[%clk 0:00:28]} 42. Rf4 {[%clk 0:00:07]} Rxb2+
{[%clk 0:00:27]} 43. Kg3 {[%clk 0:00:08]} Kg6 {[%clk 0:00:28]} 44. Bd1
{[%clk 0:00:06]} Ra2 {[%clk 0:00:26]} 45. Rf3 {[%clk 0:00:06]} f5
{[%clk 0:00:26]} 46. Re3 {[%clk 0:00:07]} Ne4+ {[%clk 0:00:24]} 47. Kf4
{[%clk 0:00:06]} Rf2+ 48. Bf3 Kf6 {[%clk 0:00:22]} 49. Rd3 {[%clk 0:00:06]} Nd2
{[%clk 0:00:22]} 50. Ke3 {[%clk 0:00:05]} Rxf3+ {[%clk 0:00:23]} 51. Kxd2
{[%clk 0:00:06]} Rxd3+ {[%clk 0:00:24]} 52. Kxd3 {[%clk 0:00:07]} Ke5
{[%clk 0:00:24]} 53. Ke3 {[%clk 0:00:09]} f4+ {[%clk 0:00:21]} 54. Kd4+ 0-1

[Event "Russian Championship (men blitz)"]
[Site "Sochi"]
[Date "2017.10.02"]
[Round "15.2"]
[White "Dubov, Daniil"]
[Black "Demidov, Mikhail"]
[Result "1-0"]
[LiveChessVersion "1.4.8"]
[BlackElo "2555"]
[WhiteElo "2775"]

1. d4 {[%clk 0:03:03]} e6 {[%clk 0:03:01]} 2. c4 {[%clk 0:03:04]} Bb4+
{[%clk 0:03:02]} 3. Nd2 {[%clk 0:03:04]} Nf6 {[%clk 0:02:59]} 4. Ngf3
{[%clk 0:03:06]} Qe7 {[%clk 0:02:58]} 5. g3 {[%clk 0:03:06]} O-O 6. Bg2 d6
{[%clk 0:02:58]} 7. O-O {[%clk 0:03:08]} e5 {[%clk 0:02:55]} 8. e4
{[%clk 0:02:43]} Bxd2 9. Qxd2 {[%clk 0:02:44]} Bg4 {[%clk 0:02:16]} 10. Nh4
{[%clk 0:02:30]} exd4 {[%clk 0:02:11]} 11. Qxd4 {[%clk 0:02:22]} Nc6
{[%clk 0:02:09]} 12. Qc3 {[%clk 0:02:23]} Qe5 {[%clk 0:01:44]} 13. Bd2
{[%clk 0:02:08]} Nd4 {[%clk 0:01:23]} 14. Kh1 {[%clk 0:02:09]} Nc6
{[%clk 0:01:08]} 15. Rae1 {[%clk 0:01:56]} Rfe8 {[%clk 0:01:00]} 16. f4
{[%clk 0:01:57]} Qxc3 {[%clk 0:00:40]} 17. Bxc3 {[%clk 0:01:58]} Bd7
{[%clk 0:00:32]} 18. b4 {[%clk 0:01:47]} a5 {[%clk 0:00:30]} 19. b5
{[%clk 0:01:45]} Nb4 {[%clk 0:00:31]} 20. e5 {[%clk 0:01:43]} Ng4
{[%clk 0:00:22]} 21. h3 {[%clk 0:01:42]} Nxa2 {[%clk 0:00:16]} 22. Bd2
{[%clk 0:01:39]} Nh6 {[%clk 0:00:15]} 23. g4 {[%clk 0:01:33]} dxe5
{[%clk 0:00:11]} 24. fxe5 {[%clk 0:01:34]} c6 {[%clk 0:00:13]} 25. g5
{[%clk 0:01:34]} cxb5 {[%clk 0:00:12]} 26. gxh6 {[%clk 0:01:23]} bxc4
{[%clk 0:00:13]} 27. Bxb7 {[%clk 0:01:23]} Rab8 {[%clk 0:00:12]} 28. Bd5
{[%clk 0:01:23]} Be6 {[%clk 0:00:14]} 29. Bxe6 {[%clk 0:01:23]} Rxe6
{[%clk 0:00:14]} 30. Nf5 {[%clk 0:01:18]} c3 {[%clk 0:00:13]} 31. Bg5
{[%clk 0:01:17]} gxh6 {[%clk 0:00:09]} 32. Bf6 {[%clk 0:01:12]} c2
{[%clk 0:00:07]} 33. Rg1+ {[%clk 0:01:08]} Kf8 {[%clk 0:00:08]} 34. Nxh6
{[%clk 0:01:09]} Ke8 {[%clk 0:00:07]} 35. Rg8+ {[%clk 0:01:09]} Kd7
{[%clk 0:00:09]} 36. Rxb8 {[%clk 0:01:10]} Rc6 {[%clk 0:00:08]} 37. Bg5
{[%clk 0:01:03]} c1=Q {[%clk 0:00:08]} 38. Bxc1 {[%clk 0:01:04]} Nxc1
{[%clk 0:00:09]} 39. Nxf7 {[%clk 0:01:03]} Ke7 {[%clk 0:00:09]} 40. Rb7+
{[%clk 0:01:04]} 1-0

[Event "Russian Championship (men blitz)"]
[Site "Sochi"]
[Date "2017.10.02"]
[Round "15.11"]
[White "Timofeev, Artyom"]
[Black "Potkin, Vladimir"]
[Result "0-1"]
[LiveChessVersion "1.4.8"]
[BlackElo "2497"]
[WhiteElo "2619"]

1. c4 {[%clk 0:03:03]} e6 {[%clk 0:03:02]} 2. g3 {[%clk 0:03:02]} d5
{[%clk 0:03:02]} 3. Bg2 {[%clk 0:03:03]} Nf6 {[%clk 0:03:03]} 4. Nf3
{[%clk 0:03:03]} dxc4 {[%clk 0:03:04]} 5. Qa4+ {[%clk 0:03:04]} c6
{[%clk 0:03:05]} 6. Qxc4 {[%clk 0:03:04]} b5 {[%clk 0:03:06]} 7. Qc2
{[%clk 0:03:04]} Bb7 {[%clk 0:03:07]} 8. O-O {[%clk 0:03:00]} Nbd7
{[%clk 0:03:08]} 9. a4 {[%clk 0:02:56]} a6 {[%clk 0:03:02]} 10. d4
{[%clk 0:02:50]} c5 {[%clk 0:03:01]} 11. axb5 {[%clk 0:02:42]} axb5
{[%clk 0:02:54]} 12. Rxa8 {[%clk 0:02:42]} Qxa8 {[%clk 0:02:54]} 13. dxc5
{[%clk 0:02:00]} Bxc5 {[%clk 0:02:54]} 14. Nc3 {[%clk 0:01:59]} b4
{[%clk 0:02:38]} 15. Na4 {[%clk 0:01:57]} Be4 {[%clk 0:02:28]} 16. Qd1
{[%clk 0:01:47]} Be7 {[%clk 0:02:27]} 17. Be3 {[%clk 0:01:44]} O-O
{[%clk 0:02:27]} 18. Nb6 {[%clk 0:01:44]} Nxb6 19. Bxb6 {[%clk 0:01:45]} Qb7
{[%clk 0:02:24]} 20. Be3 {[%clk 0:01:39]} Rd8 {[%clk 0:02:18]} 21. Qa4
{[%clk 0:01:37]} Ra8 {[%clk 0:02:13]} 22. Qb3 {[%clk 0:01:36]} Bd5
{[%clk 0:02:12]} 23. Qd3 {[%clk 0:01:37]} h6 {[%clk 0:01:51]} 24. h3
{[%clk 0:01:34]} Be4 {[%clk 0:01:49]} 25. Qb3 {[%clk 0:01:35]} Bd5
{[%clk 0:01:49]} 26. Qd3 {[%clk 0:01:36]} Rc8 {[%clk 0:01:46]} 27. Rc1
{[%clk 0:01:34]} Rxc1+ {[%clk 0:01:46]} 28. Bxc1 {[%clk 0:01:35]} Be4
{[%clk 0:01:30]} 29. Qc4 {[%clk 0:01:34]} Bd5 {[%clk 0:01:29]} 30. Qd3
{[%clk 0:01:35]} Ne4 {[%clk 0:01:21]} 31. Be3 {[%clk 0:01:34]} Nc5
{[%clk 0:01:21]} 32. Qd2 {[%clk 0:01:27]} Nb3 {[%clk 0:01:20]} 33. Qc2
{[%clk 0:01:27]} Bf6 {[%clk 0:01:16]} 34. Ne1 {[%clk 0:01:23]} Bxg2
{[%clk 0:01:12]} 35. Nxg2 {[%clk 0:01:23]} Nd4 {[%clk 0:01:02]} 36. Bxd4
{[%clk 0:01:23]} Bxd4 {[%clk 0:01:03]} 37. b3 {[%clk 0:01:22]} g5
{[%clk 0:00:43]} 38. Qd3 {[%clk 0:01:21]} Qb6 {[%clk 0:00:40]} 39. e3
{[%clk 0:01:13]} Bc3 {[%clk 0:00:41]} 40. Qd1 {[%clk 0:00:59]} Qc5
{[%clk 0:00:39]} 41. Ne1 {[%clk 0:00:57]} Bxe1 {[%clk 0:00:39]} 42. Qxe1
{[%clk 0:00:58]} Kg7 {[%clk 0:00:38]} 43. Qd1 {[%clk 0:00:52]} Qc3
{[%clk 0:00:35]} 44. g4 {[%clk 0:00:51]} Kf6 {[%clk 0:00:33]} 45. Kg2
{[%clk 0:00:51]} Ke5 {[%clk 0:00:33]} 46. Qd7 {[%clk 0:00:38]} Kf6
{[%clk 0:00:33]} 47. Qd1 {[%clk 0:00:39]} Ke7 {[%clk 0:00:33]} 48. Kg3
{[%clk 0:00:34]} Qe5+ {[%clk 0:00:32]} 49. Kg2 {[%clk 0:00:35]} f5
{[%clk 0:00:27]} 50. Qd3 {[%clk 0:00:34]} Qc3 {[%clk 0:00:22]} 51. Qd1
{[%clk 0:00:26]} Qc6+ {[%clk 0:00:23]} 52. Kg1 {[%clk 0:00:26]} f4
{[%clk 0:00:18]} 53. exf4 {[%clk 0:00:25]} gxf4 {[%clk 0:00:20]} 54. Qd4
{[%clk 0:00:25]} Qd6 {[%clk 0:00:17]} 55. Qxd6+ {[%clk 0:00:23]} Kxd6
{[%clk 0:00:18]} 56. f3 {[%clk 0:00:24]} Ke5 {[%clk 0:00:13]} 57. h4
{[%clk 0:00:24]} Kd4 {[%clk 0:00:14]} 58. Kf2 {[%clk 0:00:25]} e5
{[%clk 0:00:07]} 59. g5 {[%clk 0:00:25]} hxg5 {[%clk 0:00:09]} 60. hxg5
{[%clk 0:00:26]} Kd5 {[%clk 0:00:10]} 61. Ke2 {[%clk 0:00:25]} Ke6
{[%clk 0:00:11]} 62. Kd3 {[%clk 0:00:23]} Kf5 {[%clk 0:00:12]} 63. Kc4
{[%clk 0:00:24]} Kxg5 {[%clk 0:00:13]} 64. Kxb4 {[%clk 0:00:26]} e4
{[%clk 0:00:14]} 65. Kc3 {[%clk 0:00:26]} e3 {[%clk 0:00:12]} 66. b4
{[%clk 0:00:25]} Kf5 {[%clk 0:00:12]} 67. b5 {[%clk 0:00:23]} Ke5 68. Kd4+ 0-1